Překážky přijetí nástroje pro hodnocení výkonnosti organizace

Analýza výsledkov kvantitatívneho prieskumu zameraného na súčasnú prax českých podnikateľských organizácií v oblasti hodnotení výkonnosti. Jednou z problematík je prijatie nástroja pre hodnotenie výkonnosti. Posúdenie, v akej miere vnímajú podniky vybrané problémy ako prekážku prijatia štandardizova...

Descripción completa

Guardado en:
Detalles Bibliográficos
Autor principal: Gruntová Kolingerová, Hana
Formato: Capítulo de libro
Lenguaje:checo
Materias:
Etiquetas: Agregar Etiqueta
Sin Etiquetas, Sea el primero en etiquetar este registro!

MARC

LEADER 00000nla a2200000 4500
001 0230348
005 20240417075117.6
041 0 |a cze 
044 |a CZ 
245 1 0 |a Překážky přijetí nástroje pro hodnocení výkonnosti organizace  |c Hana Gruntová Kolingerová 
520 |a Analýza výsledkov kvantitatívneho prieskumu zameraného na súčasnú prax českých podnikateľských organizácií v oblasti hodnotení výkonnosti. Jednou z problematík je prijatie nástroja pre hodnotenie výkonnosti. Posúdenie, v akej miere vnímajú podniky vybrané problémy ako prekážku prijatia štandardizovaného systému hodnotenia. 
610 2 0 |a organizácia 
610 2 0 |a meranie výkonnosti 
610 2 0 |a výkonnosť podniku 
610 2 0 |a štandardy 
610 2 0 |a prieskum 
100 1 |a Gruntová Kolingerová, Hana